000 00490nam a2200205Ia 4500
008 170203s9999 xx 000 0 und d
020 _a1740475313
050 _aFic
050 _b.SI632 2005
245 _aSleeping beauty /
245 _cillustrated by Sylvia Ward.
260 _aSydney :
260 _b The Book Co. Pub.,
260 _c2005
300 _a16 pages ;
300 _bcol. ill. ;
300 _c28 cm.
650 _aChildren's stories.
650 _aFairy tales
999 _c306084
_d306084